Loading...
| History - Other | 0 | 5 | 0 | 2 | 50 | 11 | 72.40 | 1 | 2 | 0.00 | 0.00 |
| History - World | 0 | 5 | 1 | 0 | 45 | 31 | 42.60 | 2 | 4 | 0.00 | 0.00 |
| Mythology | 0 | 3 | 0 | 1 | 30 | 56 | 76.00 | 0 | 0 | 0.00 | 0.00 |
| Geography | 0 | 3 | 0 | 1 | 30 | 52 | 68.00 | 0 | 2 | 0.00 | 0.00 |
| History - European | 0 | 3 | 1 | 1 | 25 | 48 | 56.67 | 0 | 2 | 0.00 | 0.00 |
| Current Events | 0 | 2 | 0 | 1 | 20 | 56 | 82.50 | 0 | 1 | 0.00 | 0.00 |
| Science - Biology | 0 | 2 | 0 | 0 | 20 | 52 | 64.50 | 0 | 0 | 0.00 | 0.00 |
| Science - Other | 0 | 2 | 0 | 0 | 20 | 70 | 71.00 | 0 | 0 | 0.00 | 0.00 |
| History - American | 0 | 2 | 0 | 0 | 20 | 62 | 73.50 | 0 | 0 | 0.00 | 0.00 |
| Social Science | 0 | 1 | 0 | 0 | 10 | 87 | 87.00 | 0 | 0 | 0.00 | 0.00 |
| Fine Arts - Classical Music | 0 | 1 | 0 | 0 | 10 | 78 | 78.00 | 0 | 0 | 0.00 | 0.00 |
| Literature - American | 0 | 1 | 0 | 1 | 10 | 113 | 113.00 | 0 | 0 | 0.00 | 0.00 |
| Literature - European | 0 | 1 | 0 | 1 | 10 | 108 | 108.00 | 0 | 0 | 0.00 | 0.00 |
| Painting/Sculpture | 0 | 1 | 0 | 0 | 10 | 40 | 40.00 | 1 | 1 | 0.00 | 0.00 |
| Philosophy | 0 | 1 | 0 | 0 | 10 | 102 | 102.00 | 0 | 0 | 0.00 | 0.00 |
| Religion | 0 | 1 | 0 | 1 | 10 | 114 | 114.00 | 0 | 0 | 0.00 | 0.00 |
| Literature - British | 0 | 0 | 1 | 0 | -5 | 0.00 | 0 | 0 | 0.00 | 0.00 |